[Event "CAN-ch U16"]
[Site "Winnipeg"]
[Date "1992.04.02"]
[Round "8"]
[White "Steingart, Nathan J"]
[Black "Casinathan, Uma"]
[Result "0-1"]
[WhiteElo "1737"]
[BlackElo "2013"]
[PlyCount "112"]
[EventDate "1992.03.30"]
[EventType "tourn"]
[EventRounds "9"]
[EventCountry "CAN"]
[SourceTitle "EXT 2022"]
[Source "ChessBase"]
[SourceDate "2021.10.06"]
[SourceVersion "1"]
[SourceVersionDate "2021.10.06"]
[SourceQuality "1"]

1. e4 c5 2. Nf3 d6 3. d3 Nc6 4. g3 g6 5. Bg2 Bg7 6. 0-0 Nf6 7. Nbd2 0-0 8. a4 Rb8 9. Re1 Nd7 10. Nc4 a6 11. Bf4 Qc7 12. c3 b5 13. axb5 axb5 14. Ncd2 Bb7 15. Nb3 Qb6 16. d4 Ra8 17. dxc5 Rxa1 18. cxb6 Rxd1 19. Rxd1 Nxb6 20. Ra1 b4 21. Bd2 bxc3 22. Bxc3 Nc4 23. Bxg7 Kxg7 24. Rb1 Nb4 25. Nbd2 Rc8 26. b3 Nxd2 27. Nxd2 Rc2 28. Nc4 Nd3 29. f3 Ba6 30. Bf1 Bxc4 31. bxc4 Ne5 32. Bg2 Nxc4 33. Rb7 Kf6 34. Rc7 Ne3 35. Rxc2 Nxc2 36. Kf2 e5 37. Bf1 g5 38. g4 Nd4 39. Bc4 Ne6 40. Kg3 Kg6 41. h3 Kf6 42. Bd3 Ke7 43. Bf1 Kd7 44. Bb5+ Kc7 45. Bf1 Kc6 46. Kf2 Kc5 47. Kg3 Kd4 48. h4 h6 49. hxg5 hxg5 50. Kf2 Nc5 51. Bg2 Nd3+ 52. Ke2 Nf4+ 53. Kf2 Nxg2 54. Kxg2 Ke3 55. Kg3 Ke2 56. Kg2 f6 0-1

[Event "CAN-ch U16"]
[Site "Winnipeg"]
[Date "1992.03.31"]
[Round "3"]
[White "Steingart, Nathan J"]
[Black "Ito, Andy"]
[Result "1-0"]
[WhiteElo "1737"]
[BlackElo "1690"]
[PlyCount "73"]
[EventDate "1992.03.30"]
[EventType "tourn"]
[EventRounds "9"]
[EventCountry "CAN"]
[SourceTitle "EXT 2022"]
[Source "ChessBase"]
[SourceDate "2021.10.06"]
[SourceVersion "1"]
[SourceVersionDate "2021.10.06"]
[SourceQuality "1"]

1. e4 c5 2. Nf3 d6 3. d3 Nf6 4. g3 Nc6 5. Bg2 g6 6. 0-0 Bg7 7. a4 0-0 8. Nbd2 Rb8 9. c3 Ng4 10. Nc4 Nge5 11. Ncxe5 Nxe5 12. Nxe5 dxe5 13. f4 exf4 14. Bxf4 e5 15. Be3 b6 16. Qc2 Bb7 17. a5 Qc8 18. axb6 axb6 19. Qb3 Ba6 20. Rad1 c4 21. Qc2 cxd3 22. Qd2 Qe6 23. Rf2 Qc4 24. Qe1 Qb3 25. Bf1 Rbd8 26. Rfd2 f6 27. Qf2 Rd6 28. Bxd3 Bxd3 29. Rxd3 Qxd1+ 30. Rxd1 Rxd1+ 31. Kg2 Rfd8 32. Qc2 Kf8 33. Qb3 Re1 34. Qxb6 Rd2+ 35. Bxd2 Re2+ 36. Kf1 Rxd2 37. h3 1-0